| 000 | 00688nam a2200229 i 4500 | ||
|---|---|---|---|
| 001 | 120515 | ||
| 003 | ES-MaACL | ||
| 005 | 20230906191552.0 | ||
| 007 | t| | ||
| 008 | 070214s1923 sp af r ||||1| spa d | ||
| 080 | _a576.8 | ||
| 080 | _a616.9(213) | ||
| 100 | 1 |
_aPittaluga, Gustavo, _d1876-1956 _9155591 |
|
| 245 | 1 | 0 |
_aEnfermedades de los países cálidos y Parasitología general / _cpor G. Pittaluga. |
| 246 | 3 | _aParasitología general | |
| 260 |
_aMadrid : _bCalpe, _c1923. |
||
| 300 |
_a555 p., 9 lám. : _bil. ; _c24 cm. |
||
| 650 | 4 |
_aParasitología. _9147580 |
|
| 650 | 4 |
_aEnfermedades tropicales. _9155580 |
|
| 852 |
_aES-MaACL _jE-4571 |
||
| 999 |
_c120515 _d120515 |
||